[Event "BL 1112 SC Remagen - SV Hockenheim"]
[Site "Mülheim"]
[Date "2011.10.15"]
[Round "2.6"]
[White "Swinkels, Robin"]
[Black "Neubauer, Martin"]
[Result "0-1"]
[WhiteElo "2494"]
[BlackElo "2431"]
[PlyCount "62"]
[EventDate "2011.10.14"]

1. c4 g6 2. g3 Bg7 3. Bg2 c5 4. Nc3 Nc6 5. Nf3 d6 6. O-O Nf6 7. d4 cxd4 8. Nxd4
Bd7 9. c5 dxc5 10. Nxc6 Bxc6 11. Bxc6+ bxc6 12. Qc2 O-O 13. Na4 Qd7 14. Bg5 Qh3
15. Bxf6 Bxf6 16. Nxc5 Rab8 17. Rab1 Rfd8 18. Nd3 Rd6 19. Rfd1 Qf5 20. Qa4 Bd4
21. Qc4 Rbd8 22. Rf1 h5 23. Qc2 h4 24. Ne1 hxg3 25. hxg3 Qh3 26. Qe4 Qxg3+ 27.
Qg2 Qf4 28. Nf3 Bf6 29. b3 Qe4 30. e3 Rd5 31. Rbc1 Rf5 0-1

[Event "BL 1112 SC Remagen - SV Hockenheim"]
[Site "Mülheim"]
[Date "2011.10.15"]
[Round "2.7"]
[White "Paehtz, Elisabeth"]
[Black "Bok, Benjamin"]
[Result "1/2-1/2"]
[WhiteElo "2461"]
[BlackElo "2488"]
[PlyCount "93"]
[EventDate "2011.10.14"]

1. e4 e5 2. Nf3 Nc6 3. d4 exd4 4. Nxd4 Nf6 5. Nxc6 bxc6 6. Bd3 d5 7. Nd2 Bc5 8.
O-O O-O 9. exd5 cxd5 10. h3 Bb6 11. Qf3 Be6 12. b3 Bd4 13. Rb1 Qd6 14. b4 Be5
15. c4 c6 16. Re1 Rfb8 17. Ba3 Bf4 18. Rbd1 Kh8 19. Bb1 Be5 20. Nb3 Bh2+ 21.
Kh1 Qf4 22. Nd4 Qxf3 23. gxf3 Bf4 24. Nxe6 fxe6 25. Rxe6 Rc8 26. Bb2 dxc4 27.
Rg1 Rf8 28. Rxc6 Rac8 29. Rxc8 Rxc8 30. Bc3 Rd8 31. a4 Rd7 32. Bf5 Re7 33. Rd1
Kg8 34. b5 Kf7 35. a5 Be5 36. Bb4 Rb7 37. b6 axb6 38. a6 Rc7 39. Rd8 g6 40. Rc8
Ra7 41. Rf8+ Kg7 42. Be6 Rxa6 43. f4 Bd4 44. Rf7+ Kh8 45. Rf8+ Kg7 46. Rf7+ Kh8
47. Rf8+ 1/2-1/2

[Event "BL 1112 SC Remagen - SV Hockenheim"]
[Site "Mülheim"]
[Date "2011.10.15"]
[Round "2.8"]
[White "Popovic, Petar"]
[Black "Rau, Hannes"]
[Result "1/2-1/2"]
[WhiteElo "2485"]
[BlackElo "2464"]
[PlyCount "58"]
[EventDate "2011.10.14"]

1. e4 c5 2. Nf3 Nc6 3. d4 cxd4 4. Nxd4 Nf6 5. Nc3 d6 6. f3 e5 7. Nb3 Be7 8. Be3
O-O 9. Qd2 a5 10. Bb5 Na7 11. Bd3 Be6 12. Rd1 Nc8 13. O-O Nb6 14. Qf2 Nc4 15.
Bxc4 Bxc4 16. Rfe1 Qc8 17. a4 Qc6 18. Bb6 Bd8 19. Bxd8 Rfxd8 20. Nd2 Be6 21.
Nf1 d5 22. exd5 Nxd5 23. Nxd5 Rxd5 24. Rxd5 Qxd5 25. Ne3 Qd4 26. b3 Rd8 27. h3
Qf4 28. Re2 Qb4 29. Nf1 Rd5 1/2-1/2

[Event "BL 1112 USV TU Dresden - SV Wattenschei"]
[Site "Mülheim"]
[Date "2011.10.15"]
[Round "2.2"]
[White "Socko, Bartosz"]
[Black "Macieja, Bartlomiej"]
[Result "1/2-1/2"]
[WhiteElo "2628"]
[BlackElo "2613"]
[PlyCount "43"]
[EventDate "2011.10.14"]

1. d4 Nf6 2. c4 e6 3. Nc3 Bb4 4. Qc2 O-O 5. e4 d5 6. e5 Ne4 7. Bd3 c5 8. Nf3
cxd4 9. Nxd4 Nd7 10. Bf4 Qh4 11. g3 Qh5 12. O-O Bxc3 13. bxc3 g5 14. cxd5 exd5
15. e6 gxf4 16. exd7 Bxd7 17. Bxe4 dxe4 18. Qxe4 fxg3 19. fxg3 b6 20. Nf5 Rae8
21. Qd5 Bxf5 22. Rxf5 1/2-1/2

[Event "BL 1112 USV TU Dresden - SV Wattenschei"]
[Site "Mülheim"]
[Date "2011.10.15"]
[Round "2.3"]
[White "Bartel, Mateusz"]
[Black "Gajewski, Grzegorz"]
[Result "1/2-1/2"]
[WhiteElo "2627"]
[BlackElo "2607"]
[PlyCount "41"]
[EventDate "2011.10.14"]

1. e4 c5 2. Nf3 e6 3. d4 cxd4 4. Nxd4 a6 5. Bd3 Bc5 6. Nb3 Be7 7. Nc3 d6 8. O-O
Nf6 9. f4 Nc6 10. Qf3 O-O 11. Bd2 Nb4 12. Rac1 e5 13. Kh1 b5 14. Nd5 Nbxd5 15.
exd5 Bb7 16. c4 a5 17. Bc3 bxc4 18. Bxc4 a4 19. Nd2 Rc8 20. fxe5 dxe5 21. Bxe5
1/2-1/2

[Event "BL 1112 USV TU Dresden - SV Wattenschei"]
[Site "Mülheim"]
[Date "2011.10.15"]
[Round "2.4"]
[White "Maiwald, Jens-Uwe"]
[Black "Bogner, Sebastian"]
[Result "0-1"]
[WhiteElo "2459"]
[BlackElo "2534"]
[PlyCount "68"]
[EventDate "2011.10.14"]

1. e4 c5 2. Nf3 d6 3. d4 cxd4 4. Qxd4 a6 5. c4 Nc6 6. Qe3 g6 7. h3 Bg7 8. Be2
Nf6 9. O-O O-O 10. Nc3 Nd7 11. Rd1 Nc5 12. Bd2 a5 13. Rac1 a4 14. Be1 Bd7 15.
Rd2 b6 16. Nb5 Kh8 17. Nfd4 Nxd4 18. Nxd4 Rc8 19. Rdd1 f5 20. exf5 gxf5 21. f4
e5 22. Nf3 Qc7 23. fxe5 dxe5 24. Bc3 Rce8 25. Bf1 Bc6 26. Rc2 f4 27. Qe1 Rg8
28. Nh2 Ne4 29. Bb4 Ng3 30. Bd6 Qf7 31. c5 b5 32. Nf3 Qh5 33. Nh2 Bf6 34. Qb4
Qxd1 0-1

[Event "BL 1112 USV TU Dresden - SV Wattenschei"]
[Site "Mülheim"]
[Date "2011.10.15"]
[Round "2.5"]
[White "Rustemov, Alexander"]
[Black "Tischbierek, Raj"]
[Result "1/2-1/2"]
[WhiteElo "2537"]
[BlackElo "2454"]
[PlyCount "112"]
[EventDate "2011.10.14"]

1. Nf3 d5 2. d4 Nf6 3. c4 e6 4. e3 Be7 5. b3 O-O 6. Bb2 b6 7. Bd3 Bb7 8. O-O
dxc4 9. bxc4 c5 10. Nc3 cxd4 11. exd4 Nc6 12. Re1 Rc8 13. Rc1 g6 14. Qe2 Re8
15. Rcd1 Bf8 16. Qe3 Nb4 17. Ne5 Nxd3 18. Rxd3 Bg7 19. Qf4 Qc7 20. Nb5 Qb8 21.
g4 Re7 22. Ba3 Rd7 23. Qe3 Rdd8 24. Be7 a6 25. Bxd8 Rxd8 26. Nc3 b5 27. g5 Nh5
28. cxb5 axb5 29. d5 exd5 30. Nxf7 Rf8 31. Qe6 Rxf7 32. Nxd5 Bxd5 33. Qe8+ Qxe8
34. Rxe8+ Bf8 35. Rxd5 b4 36. Rb5 Kg7 37. Reb8 Nf4 38. h4 Ne2+ 39. Kg2 Nc3 40.
R5b7 Nxa2 41. Rxf7+ Kxf7 42. Kf3 Nc3 43. Ke3 h5 44. gxh6 Bxh6+ 45. Kd4 Bg7+ 46.
Kc4 Bf8 47. f3 Ne2 48. Rb5 Nf4 49. Kd4 Be7 50. Ke4 Nh5 51. Rb7 Ke6 52. Rb6+ Bd6
53. Rb7 Nf6+ 54. Kd4 Kf5 55. Rb5+ Kf4 56. Rg5 b3 1/2-1/2

[Event "BL 1112 USV TU Dresden - SV Wattenschei"]
[Site "Mülheim"]
[Date "2011.10.15"]
[Round "2.7"]
[White "Handke, Florian"]
[Black "Gauglitz, Gernot"]
[Result "1-0"]
[WhiteElo "2518"]
[BlackElo "2406"]
[PlyCount "53"]
[EventDate "2011.10.14"]

1. b3 c5 2. Bb2 Nc6 3. Nf3 d5 4. e3 Nf6 5. Bb5 Qb6 6. c4 Bd7 7. O-O a6 8. Bxc6
Bxc6 9. cxd5 Nxd5 10. Ne5 Nf6 11. Na3 e6 12. Rc1 Rc8 13. Nac4 Qd8 14. Nxc6 Rxc6
15. Ne5 Rc8 16. b4 Bd6 17. Qa4+ Ke7 18. bxc5 Rxc5 19. Rxc5 Bxc5 20. Ba3 Qd6 21.
Nc4 Qc7 22. d4 Bxa3 23. Qxa3+ Kd8 24. Rc1 Nd5 25. Ne5 Qe7 26. Nxf7+ Qxf7 27.
Qd6+ 1-0

[Event "BL 1112 USV TU Dresden - SV Wattenschei"]
[Site "Mülheim"]
[Date "2011.10.15"]
[Round "2.8"]
[White "Seifert, Volker"]
[Black "Hirneise, Tobias"]
[Result "1/2-1/2"]
[WhiteElo "2319"]
[BlackElo "2446"]
[PlyCount "129"]
[EventDate "2011.10.14"]

1. d4 Nf6 2. c4 e6 3. Nc3 Bb4 4. Qc2 c5 5. dxc5 O-O 6. a3 Bxc5 7. Nf3 Nc6 8.
Bf4 e5 9. Bg5 Nd4 10. Nxd4 exd4 11. Ne4 Be7 12. Nxf6+ Bxf6 13. Bxf6 Qxf6 14.
Rd1 d5 15. Qd3 dxc4 16. Qxd4 Qxd4 17. Rxd4 Be6 18. e3 Rfd8 19. Kd2 Rxd4+ 20.
exd4 Bd5 21. h4 Kf8 22. Rh3 Ke7 23. Re3+ Kd6 24. Be2 f6 25. Rg3 g6 26. h5 g5
27. Bf3 Bf7 28. Bg4 Bd5 29. Re3 h6 30. g3 Rb8 31. Bf3 Be6 32. d5 Bxd5 33. Bxd5
Kxd5 34. Re7 Rd8 35. Rh7 Ke6+ 36. Ke2 b5 37. Rxh6 Rd3 38. Rh7 Rb3 39. Rxa7
Rxb2+ 40. Ke3 Rb3+ 41. Ke2 Rb2+ 42. Kf3 Rd2 43. h6 f5 44. h7 Rd8 45. Rg7 Rh8
46. Ke3 Kf6 47. Rb7 Kg6 48. Rxb5 Rxh7 49. a4 Rd7 50. Rc5 Rd3+ 51. Ke2 Rc3 52.
Kd2 Rd3+ 53. Ke2 Rc3 54. Kd2 Rd3+ 55. Kc2 Rf3 56. Rxc4 Rxf2+ 57. Kb3 Rf3+ 58.
Rc3 g4 59. a5 f4 60. gxf4 Rxc3+ 61. Kxc3 g3 62. a6 g2 63. a7 g1=Q 64. a8=Q Qe3+
65. Kc4 1/2-1/2

[Event "BL 1112 SK König Tegel - Hansa Dortmund"]
[Site "Mülheim"]
[Date "2011.10.15"]
[Round "2.1"]
[White "Berg, Emanuel"]
[Black "Rabiega, Robert"]
[Result "1/2-1/2"]
[WhiteElo "2575"]
[BlackElo "2501"]
[PlyCount "54"]
[EventDate "2011.10.14"]

1. e4 e5 2. Nf3 Nf6 3. Nxe5 d6 4. Nf3 Nxe4 5. Nc3 Nxc3 6. dxc3 Be7 7. Be3 O-O
8. Qd2 Nd7 9. O-O-O Nc5 10. h4 Re8 11. Kb1 Ne4 12. Qc1 Bg4 13. Bd3 Bf6 14. Rdg1
Qd7 15. Ng5 Bf5 16. g4 Bxg5 17. Bxg5 Be6 18. Bxe4 Qa4 19. c4 Qxc4 20. Qf4 Qxa2+
21. Kc1 Bc4 22. c3 Qa1+ 23. Kc2 Qa4+ 24. Kc1 Qa1+ 25. Kc2 Qa4+ 26. Kc1 Qa1+ 27.
Kc2 Qa4+ 1/2-1/2

[Event "BL 1112 SK König Tegel - Hansa Dortmund"]
[Site "Mülheim"]
[Date "2011.10.15"]
[Round "2.3"]
[White "Steingrimsson, Hedinn"]
[Black "Richter, Michael"]
[Result "1/2-1/2"]
[WhiteElo "2562"]
[BlackElo "2484"]
[PlyCount "57"]
[EventDate "2011.10.14"]

1. e4 e6 2. d4 d5 3. Nd2 Nf6 4. e5 Nfd7 5. c3 c5 6. Bd3 Nc6 7. Ngf3 Rb8 8. O-O
b5 9. Re1 Be7 10. Nf1 b4 11. Bf4 bxc3 12. bxc3 Qa5 13. c4 dxc4 14. Bxc4 Nxd4
15. Nxd4 cxd4 16. Qg4 g5 17. Bxg5 Rg8 18. Bd2 Rxg4 19. Bxa5 Bb4 20. Bxb4 Rxb4
21. Bd3 Bb7 22. Ng3 h6 23. a3 Rb6 24. Be2 Rg8 25. Rad1 Nxe5 26. Rxd4 Nc6 27.
Rh4 Kf8 28. Bf3 Rg6 29. h3 1/2-1/2

[Event "BL 1112 SK König Tegel - Hansa Dortmund"]
[Site "Mülheim"]
[Date "2011.10.15"]
[Round "2.4"]
[White "Muse, Mladen"]
[Black "Tikkanen, Hans"]
[Result "0-1"]
[WhiteElo "2443"]
[BlackElo "2591"]
[PlyCount "66"]
[EventDate "2011.10.14"]

1. Nf3 Nf6 2. g3 g6 3. b3 Bg7 4. Bb2 d5 5. c4 c6 6. Bg2 Qb6 7. cxd5 Ne4 8. d4
cxd5 9. O-O Nc6 10. Nc3 Nxc3 11. Bxc3 O-O 12. Qd2 Rd8 13. e3 a5 14. Ne5 Bxe5
15. dxe5 a4 16. bxa4 Rxa4 17. Rab1 Qc7 18. Rb5 d4 19. exd4 Nxd4 20. Bxd4 Raxd4
21. Qe3 b6 22. Rbb1 Bf5 23. Rbc1 Qa7 24. Qg5 Kg7 25. h3 h6 26. Qe3 Rd3 27. Qe2
Rd2 28. Qe3 R8d3 29. Qf4 Rd4 30. Qe3 R4d3 31. Qf4 Qxa2 32. Qb4 Rxg3 33. Qxe7
Qd5 0-1

[Event "BL 1112 SK König Tegel - Hansa Dortmund"]
[Site "Mülheim"]
[Date "2011.10.15"]
[Round "2.5"]
[White "Henrichs, Thomas"]
[Black "Von Herman, Ulf"]
[Result "1/2-1/2"]
[WhiteElo "2473"]
[BlackElo "2419"]
[PlyCount "100"]
[EventDate "2011.10.14"]

1. d4 d5 2. c4 c6 3. Nf3 Nf6 4. Nc3 e6 5. Bg5 Nbd7 6. cxd5 exd5 7. e3 Be7 8.
Bd3 Nh5 9. Bxe7 Qxe7 10. O-O g6 11. Rb1 a5 12. Re1 O-O 13. e4 dxe4 14. Bxe4 Qd8
15. d5 cxd5 16. Bxd5 Ndf6 17. Qd4 Nxd5 18. Nxd5 Be6 19. Rbd1 Qxd5 20. Qxd5 Bxd5
21. Rxd5 Rfd8 22. Rb5 Rd7 23. g3 Nf6 24. h3 Rc7 25. a4 Nd7 26. Re3 h6 27. Kg2
Kf8 28. g4 Ra6 29. Reb3 Ra7 30. Rd3 Nc5 31. Rc3 Ne6 32. Rxc7 Nxc7 33. Re5 b6
34. Nd2 Rb7 35. Nc4 Rb8 36. Kg3 Rb7 37. h4 Rb8 38. h5 f6 39. Re3 gxh5 40. gxh5
Nd5 41. Rd3 b5 42. Nd6 Nb4 43. Rf3 bxa4 44. Rxf6+ Ke7 45. Rxh6 Nd3 46. Nf5+ Kf7
47. Ra6 Rxb2 48. h6 Rb8 49. Rxa5 Kg6 50. f3 Rb1 1/2-1/2

[Event "BL 1112 SK König Tegel - Hansa Dortmund"]
[Site "Mülheim"]
[Date "2011.10.15"]
[Round "2.6"]
[White "Muse, Drazen"]
[Black "Kasparov, Sergey"]
[Result "1/2-1/2"]
[WhiteElo "2388"]
[BlackElo "2521"]
[PlyCount "40"]
[EventDate "2011.10.14"]

1. Nf3 Nf6 2. c4 c5 3. Nc3 b6 4. g3 Bb7 5. Bg2 e6 6. O-O d6 7. b3 Nbd7 8. Bb2
Be7 9. e4 O-O 10. Qe2 a6 11. d4 cxd4 12. Nxd4 Qc7 13. Rad1 Rfe8 14. g4 g6 15.
Rfe1 Bf8 16. h3 Rac8 17. Qe3 h6 18. Nf3 Rcd8 19. g5 hxg5 20. Nxg5 Bc6 1/2-1/2

[Event "BL 1112 SK König Tegel - Hansa Dortmund"]
[Site "Mülheim"]
[Date "2011.10.15"]
[Round "2.7"]
[White "Mainka, Romuald"]
[Black "Fruebing, Stefan"]
[Result "0-1"]
[WhiteElo "2488"]
[BlackElo "2373"]
[PlyCount "84"]
[EventDate "2011.10.14"]

1. e4 c5 2. Nf3 Nc6 3. Bb5 g6 4. O-O Bg7 5. Re1 Nf6 6. Bxc6 dxc6 7. e5 Nd5 8.
d3 O-O 9. h3 b6 10. Nbd2 Nc7 11. Ne4 Ne6 12. Neg5 h6 13. Nxe6 Bxe6 14. Qe2 Qd7
15. Bf4 Rfe8 16. Rad1 Rad8 17. b3 Qc8 18. Rd2 f5 19. h4 Rf8 20. Qe3 Kh7 21. c4
Bg8 22. g3 Be6 23. Kg2 Rh8 24. Red1 Qa8 25. h5 gxh5 26. Rh1 Bf7 27. e6 Be8 28.
Be5 Rf8 29. Rh4 Qc8 30. Bxg7 Kxg7 31. d4 cxd4 32. Qe5+ Rf6 33. Rhxd4 Rxd4 34.
Nxd4 Bg6 35. c5 f4 36. gxf4 bxc5 37. Qxc5 Qf8 38. Qe5 Kh7 39. Ne2 Qg8 40. Ng3
Rxe6 41. Qc5 Re1 42. Kh2 h4 0-1

[Event "BL 1112 SK König Tegel - Hansa Dortmund"]
[Site "Mülheim"]
[Date "2011.10.15"]
[Round "2.8"]
[White "Giemsa, Stephan"]
[Black "Zelbel, Patrick"]
[Result "1/2-1/2"]
[WhiteElo "2283"]
[BlackElo "2408"]
[PlyCount "45"]
[EventDate "2011.10.14"]

1. d4 d5 2. c4 c6 3. Nf3 Nf6 4. e3 Bf5 5. Nc3 e6 6. Nh4 Bg6 7. Be2 Nbd7 8. g3
Be7 9. O-O dxc4 10. Nxg6 hxg6 11. Bxc4 Nb6 12. Be2 c5 13. dxc5 Bxc5 14. Qb3 Qe7
15. Rd1 O-O 16. Bd2 Rfd8 17. Be1 Rac8 18. Rxd8+ Rxd8 19. Rd1 Rxd1 20. Qxd1 Nfd5
21. Bf3 Bb4 22. Nxd5 Nxd5 23. Bxd5 1/2-1/2

[Event "BL 1112 OSG Baden Baden - SF Katernberg"]
[Site "Mülheim"]
[Date "2011.10.16"]
[Round "3.6"]
[White "Nielsen, Peter-Heine"]
[Black "Kotainy, Jens"]
[Result "1/2-1/2"]
[WhiteElo "2687"]
[BlackElo "2406"]
[PlyCount "80"]
[EventDate "2011.10.14"]

1. d4 e6 2. c4 f5 3. g3 Nf6 4. Bg2 d5 5. Nh3 c6 6. O-O Bd6 7. Nd2 O-O 8. Qc2
Nbd7 9. Nf3 Ne4 10. Nf4 Qe7 11. Nd3 b6 12. b4 Ba6 13. c5 Bc7 14. a4 bxc5 15.
dxc5 e5 16. Ba3 Qe6 17. b5 Bb7 18. e3 Bd8 19. Bb2 Bf6 20. Rfc1 Rfc8 21. Ba3 Rc7
22. Rab1 cxb5 23. axb5 Ndxc5 24. Bxc5 Rac8 25. Qa2 Nxc5 26. Nxc5 Rxc5 27. Rxc5
Rxc5 28. Qxa7 Qc8 29. h4 Rc2 30. b6 e4 31. Nd4 Bxd4 32. exd4 f4 33. Qa3 e3 34.
gxf4 exf2+ 35. Kh2 Qd8 36. Qg3 Qf6 37. Qg5 Qxd4 38. Qd8+ Kf7 39. Qd7+ Kg6 40.
Qg4+ Kf7 1/2-1/2

[Event "BL 1112 OSG Baden Baden - SF Katernberg"]
[Site "Mülheim"]
[Date "2011.10.16"]
[Round "3.7"]
[White "Ris, Robert"]
[Black "Gustafsson, Jan"]
[Result "0-1"]
[WhiteElo "2403"]
[BlackElo "2631"]
[PlyCount "110"]
[EventDate "2011.10.14"]

1. d4 d5 2. c4 e6 3. Nf3 Nf6 4. Nc3 dxc4 5. e3 a6 6. Bxc4 b5 7. Bb3 c5 8. O-O
Bb7 9. e4 cxd4 10. Nxd4 Nc6 11. Be3 Nxd4 12. Bxd4 Be7 13. f3 O-O 14. Be3 Qb8
15. Qe2 Bc6 16. Rfd1 Bd6 17. g3 Be5 18. Rac1 Rc8 19. Bd4 Bxd4+ 20. Rxd4 a5 21.
Qe3 Nd7 22. Rcd1 a4 23. Bc2 Ne5 24. Rb4 a3 25. bxa3 Rxa3 26. Bb3 Be8 27. Kg2 h6
28. Rd2 Qb7 29. f4 Qe7 30. Rbd4 Nc6 31. R4d3 Na5 32. Ne2 Nxb3 33. Rxb3 Rxb3 34.
axb3 b4 35. Nd4 Qa7 36. Kf2 Qa1 37. Rc2 Rc3 38. Rxc3 bxc3 39. Ne2 c2 40. Nc1
Bc6 41. e5 Bb5 42. h4 h5 43. f5 exf5 44. e6 f6 45. e7 Kf7 46. b4 Qb2 47. Qe1
Qd4+ 48. Kg2 Bc6+ 49. Kf1 Qd1 50. Na2 Qf3+ 51. Qf2 Bb5+ 52. Kg1 Qd1+ 53. Kh2
Bc6 54. Qg1 Qd2+ 55. Kh3 Bf3 0-1

[Event "BL 1112 OSG Baden Baden - SF Katernberg"]
[Site "Mülheim"]
[Date "2011.10.16"]
[Round "3.8"]
[White "Schlosser, Philipp"]
[Black "Scholz, Christian"]
[Result "1-0"]
[WhiteElo "2591"]
[BlackElo "2387"]
[PlyCount "131"]
[EventDate "2011.10.14"]

1. c4 Nf6 2. Nf3 c5 3. Nc3 g6 4. e4 Bg7 5. d4 cxd4 6. Nxd4 Nc6 7. Be3 Ng4 8.
Qxg4 Nxd4 9. Qd1 Nc6 10. Qd2 Qa5 11. Rc1 d6 12. Be2 Bd7 13. O-O O-O 14. Rfd1
Be6 15. Qc2 Rfc8 16. Qb1 a6 17. Nd5 Bxd5 18. exd5 Ne5 19. h3 Qb4 20. a3 Qa4 21.
Rd2 b5 22. b3 Qxa3 23. Ra2 Qb4 24. Bd2 Qc5 25. cxb5 Qxd5 26. Rxc8+ Rxc8 27.
bxa6 Nc6 28. Bf3 Qb5 29. a7 Ra8 30. Qe4 d5 31. Qxd5 Qxd5 32. Bxd5 Rxa7 33. Rc2
Nd8 34. b4 Be5 35. b5 Ra1+ 36. Rc1 Rxc1+ 37. Bxc1 e6 38. Bf3 Kf8 39. Be3 Ke7
40. Kf1 Bb8 41. Ke2 e5 42. Kd3 Ne6 43. Kc4 Kd6 44. Bd5 Nf4 45. Bc5+ Kd7 46.
Bc6+ Kc7 47. h4 Ne6 48. Be3 Nd4 49. Kd5 f6 50. g4 f5 51. gxf5 Nxf5 52. b6+ Kc8
53. Bg5 Bd6 54. Bf6 Bb8 55. f3 h6 56. Be8 g5 57. h5 Kb7 58. Bg6 Nd4 59. Be4
Kxb6 60. Bxg5 Kc7 61. Bxh6 Kd7 62. Bg5 Nb5 63. Bf5+ Ke8 64. h6 Kf7 65. h7 Nc7+
66. Kc6 1-0

[Event "BL 1112 SG Turm Trier - SV Mülheim Nord"]
[Site "Mülheim"]
[Date "2011.10.16"]
[Round "3.2"]
[White "Erdoes, Viktor"]
[Black "Potkin, Vladimir"]
[Result "1-0"]
[WhiteElo "2608"]
[BlackElo "2671"]
[PlyCount "67"]
[EventDate "2011.10.14"]

1. d4 d5 2. c4 c6 3. e3 Bf5 4. Nc3 e6 5. g4 Bg6 6. Nge2 Bd6 7. Qb3 b6 8. Bg2
Ne7 9. e4 dxe4 10. Nxe4 Bc7 11. Bg5 O-O 12. Rd1 h6 13. Bh4 Bxe4 14. Bxe4 Qd6
15. Kf1 a5 16. g5 h5 17. Qf3 g6 18. Kg2 Na6 19. Bg3 Qd7 20. Nc3 Rad8 21. Bb1
Nf5 22. Ne4 Kg7 23. d5 cxd5 24. cxd5 exd5 25. Nf6 Qc6 26. Bxf5 gxf5 27. Nxh5+
Kg6 28. Bxc7 Nxc7 29. Rc1 Qd6 30. Ng3 Ne6 31. Qxf5+ Kg7 32. Nh5+ Kh8 33. Nf6
Nxg5 34. h4 1-0

[Event "BL 1112 SG Turm Trier - SV Mülheim Nord"]
[Site "Mülheim"]
[Date "2011.10.16"]
[Round "3.3"]
[White "Grachev, Boris"]
[Black "Bobras, Piotr"]
[Result "1-0"]
[WhiteElo "2682"]
[BlackElo "2544"]
[PlyCount "127"]
[EventDate "2011.10.14"]

1. c4 e5 2. Nc3 Nf6 3. Nf3 Nc6 4. d3 d5 5. cxd5 Nxd5 6. e3 Be7 7. Be2 O-O 8.
O-O Be6 9. Bd2 Qd7 10. a3 a5 11. Ne4 f6 12. Rc1 a4 13. Nc5 Bxc5 14. Rxc5 b6 15.
Rc1 Nd8 16. Qc2 c5 17. d4 cxd4 18. exd4 Bf5 19. Bd3 Bxd3 20. Qxd3 exd4 21. Nxd4
Re8 22. Rfd1 Ne6 23. Nxe6 Qxe6 24. Qb5 Red8 25. h3 Qd7 26. Qd3 Rac8 27. Rxc8
Qxc8 28. Bf4 Qc6 29. Qe4 Kh8 30. Rd4 b5 31. Kh2 Qa8 32. Bg3 Qc6 33. Qd3 Rd7 34.
Qe4 Rd8 35. h4 Kg8 36. h5 h6 37. Bf4 Kf8 38. f3 Kf7 39. Qg6+ Kf8 40. Qe4 Kf7
41. Qh7 Qb6 42. Qg6+ Kf8 43. Qd3 Qc6 44. Bd2 Rd7 45. Qe4 Qc7+ 46. f4 Ne7 47.
Rxd7 Qxd7 48. Bb4 Kf7 49. Bxe7 Qxe7 50. Qd5+ Qe6 51. Qxb5 Qe4 52. Qb8 g5 53.
hxg6+ Kxg6 54. b4 Kf5 55. Qb5+ Kxf4 56. Qxa4 Kg5 57. Qb3 f5 58. b5 h5 59. b6 h4
60. Qg8+ Kh5 61. Qh7+ Kg5 62. Qg7+ Kh5 63. Qc7 f4 64. Qf7+ 1-0

[Event "BL 1112 SG Turm Trier - SV Mülheim Nord"]
[Site "Mülheim"]
[Date "2011.10.16"]
[Round "3.4"]
[White "Cyborowski, Lukasz"]
[Black "Fridman, Daniel"]
[Result "1/2-1/2"]
[WhiteElo "2543"]
[BlackElo "2652"]
[PlyCount "42"]
[EventDate "2011.10.14"]

1. Nf3 d5 2. d4 Nf6 3. c4 e6 4. Nc3 Be7 5. Bg5 h6 6. Bh4 O-O 7. e3 Ne4 8. Bxe7
Qxe7 9. Qc2 Nxc3 10. Qxc3 dxc4 11. Bxc4 b6 12. O-O Bb7 13. Be2 Rc8 14. b4 c5
15. bxc5 bxc5 16. Rfc1 Nd7 17. Qa5 Qd8 18. Qa3 cxd4 19. Nxd4 Rxc1+ 20. Rxc1 Nf6
21. Bf3 Bxf3 1/2-1/2

[Event "BL 1112 SG Turm Trier - SV Mülheim Nord"]
[Site "Mülheim"]
[Date "2011.10.16"]
[Round "3.5"]
[White "Landa, Konstantin"]
[Black "Gonda, Laszlo"]
[Result "1/2-1/2"]
[WhiteElo "2639"]
[BlackElo "2520"]
[PlyCount "106"]
[EventDate "2011.10.14"]

1. c4 Nf6 2. d4 c6 3. Bf4 g6 4. Nc3 Bg7 5. Nf3 O-O 6. e3 d6 7. h3 a6 8. Be2 b5
9. O-O bxc4 10. Bxc4 Nbd7 11. e4 d5 12. exd5 Nb6 13. Bb3 cxd5 14. Rc1 Bb7 15.
Na4 Nc4 16. Nc5 Bc6 17. Ne5 Nxe5 18. dxe5 Nd7 19. e6 Nxc5 20. Rxc5 fxe6 21.
Rxc6 Rxf4 22. Rxe6 Rd4 23. Qe2 Kf8 24. Qf3+ Bf6 25. Qe3 Rh4 26. f4 Qd7 27. Kh2
Ra7 28. g3 Rh5 29. g4 d4 30. Qe4 Rc5 31. g5 Bh8 32. f5 Qb5 33. Re1 Rxf5 34.
Rxe7 Rf2+ 35. Kg1 Qxg5+ 36. Kxf2 Qxe7 37. Qg4 Qc5 38. Kg2 Bf6 39. h4 Re7 40.
Rxe7 Qxe7 41. h5 Kg7 42. hxg6 hxg6 43. Bc2 Qb7+ 44. Kg1 g5 45. Qf5 Qe7 46. Kf1
Qe5 47. b4 Qxf5+ 48. Bxf5 Be7 49. a3 Kf6 50. Bd3 a5 51. bxa5 Bxa3 52. Kg2 Ke5
53. Kf3 Bb4 1/2-1/2

[Event "BL 1112 SG Turm Trier - SV Mülheim Nord"]
[Site "Mülheim"]
[Date "2011.10.16"]
[Round "3.6"]
[White "Gordon, Stephen"]
[Black "Golod, Vitali"]
[Result "1/2-1/2"]
[WhiteElo "2535"]
[BlackElo "2579"]
[PlyCount "91"]
[EventDate "2011.10.14"]

1. c4 e6 2. g3 d5 3. Bg2 Nf6 4. Nf3 dxc4 5. Na3 c5 6. Nxc4 Nc6 7. O-O Be7 8. b3
O-O 9. Bb2 Bd7 10. d4 cxd4 11. Nxd4 Rc8 12. Nb5 a6 13. Nbd6 Rc7 14. e4 b5 15.
Ne3 e5 16. f4 Ng4 17. Nxg4 Bxg4 18. Qxg4 Bxd6 19. Rad1 Qe7 20. Rd5 f6 21. Kh1
Nb4 22. fxe5 Bxe5 23. Ba3 Rb8 24. Rfd1 a5 25. Bf1 Kh8 26. Rxb5 Rxb5 27. Bxb5 g6
28. Bc4 Kg7 29. Rd5 h5 30. Qe2 Rc5 31. Rd1 Rc7 32. Qd2 Qe8 33. Bc1 g5 34. a3
Nc6 35. Qd5 a4 36. bxa4 Qc8 37. Qe6 Qxe6 38. Bxe6 Nd4 39. Bh3 g4 40. Bf1 Rc2
41. a5 h4 42. Bd3 Ra2 43. Bc4 Rc2 44. Bd3 Ra2 45. Bc4 Rc2 46. Bd3 1/2-1/2

[Event "BL 1112 SG Turm Trier - SV Mülheim Nord"]
[Site "Mülheim"]
[Date "2011.10.16"]
[Round "3.8"]
[White "Sanikidze, Tornike"]
[Black "Hausrath, Daniel"]
[Result "1-0"]
[WhiteElo "2530"]
[BlackElo "2507"]
[PlyCount "55"]
[EventDate "2011.10.14"]

1. e4 d6 2. d4 Nf6 3. Nc3 e5 4. dxe5 dxe5 5. Qxd8+ Kxd8 6. Bg5 Be6 7. O-O-O+
Nbd7 8. g3 Bc5 9. f4 Be3+ 10. Kb1 Kc8 11. Nf3 Bg4 12. Be2 exf4 13. Bxf4 Bxf4
14. gxf4 Re8 15. e5 Nh5 16. Rhg1 Bxf3 17. Bxf3 Nxf4 18. Bg4 Ne6 19. Bxe6 fxe6
20. Rxg7 Rd8 21. Ne4 Nf8 22. Rxd8+ Kxd8 23. Nf6 a5 24. Nxh7 Ke8 25. Nf6+ Kd8
26. Rf7 Ng6 27. Rd7+ Kc8 28. Rg7 1-0

[Event "BL 1112 Werder Bremen - Schachfr. Berli"]
[Site "Mülheim"]
[Date "2011.10.16"]
[Round "3.4"]
[White "Hammer, Jon Ludwig"]
[Black "Antoniewski, Rafal"]
[Result "1/2-1/2"]
[WhiteElo "2601"]
[BlackElo "2585"]
[PlyCount "70"]
[EventDate "2011.10.14"]

1. d4 Nf6 2. c4 d6 3. Nf3 g6 4. Nc3 Bg7 5. e4 O-O 6. Be2 c5 7. d5 e6 8. O-O
exd5 9. cxd5 Re8 10. Nd2 Na6 11. h3 Nc7 12. a4 b6 13. Qc2 Rb8 14. Rb1 Nfxd5 15.
exd5 Bxc3 16. Qxc3 Rxe2 17. Nc4 Re4 18. Ne3 Rxa4 19. b4 cxb4 20. Rxb4 Rxb4 21.
Qxb4 Ne8 22. Bb2 Rb7 23. Qd4 f6 24. Re1 Re7 25. Rc1 Bd7 26. Ra1 Bc8 27. h4 h5
28. f3 Qd7 29. Qd3 Kf7 30. Kf2 a6 31. Bd4 Qb5 32. Qxb5 axb5 33. Rb1 Ba6 34. Ra1
Bc8 35. Rb1 Ba6 1/2-1/2

[Event "BL 1112 Werder Bremen - Schachfr. Berli"]
[Site "Mülheim"]
[Date "2011.10.16"]
[Round "3.5"]
[White "Maksimenko, Andrei"]
[Black "Hracek, Zbynek"]
[Result "1/2-1/2"]
[WhiteElo "2553"]
[BlackElo "2624"]
[PlyCount "48"]
[EventDate "2011.10.14"]

1. Nf3 d5 2. d4 Nf6 3. c4 e6 4. Nc3 Bb4 5. Qa4+ Nc6 6. e3 O-O 7. Bd2 Re8 8. a3
Bd6 9. Qc2 a6 10. h3 h6 11. cxd5 exd5 12. Bd3 Be6 13. g4 Nd7 14. Rg1 Qf6 15.
Be2 Qg6 16. Bd3 Qf6 17. Be2 Qg6 18. Qxg6 fxg6 19. Bd3 Ne7 20. b4 Rf8 21. Ke2
Rf7 22. Raf1 g5 23. Ne1 Nb6 24. Nc2 Nc4 1/2-1/2